La profesora de parvulario = The Kindergarten Teacher /
保存先:
| 第一著者: | |
|---|---|
| その他の著者: | , , , , , , , , |
| フォーマット: | |
| 言語: | 英語 |
| 主題: | |
| タグ: |
タグなし, このレコードへの初めてのタグを付けませんか!
|
MARC
| LEADER | 00000ngm^a2200000^a^4500 | ||
|---|---|---|---|
| 001 | 000443999 | ||
| 005 | 20250521000000.0 | ||
| 009 | 20260310123505.881 | ||
| 037 | |a Acervo ITESO - Biblioteca | ||
| 041 | |a ING | ||
| 082 | |a 810. |b COL | ||
| 100 | |a Colangelo, Sara |e (realización) | ||
| 240 | 1 | 4 | |a [La maestra de kínder] |
| 240 | 1 | 4 | |a [La maestra de kínder. Adaptaciones] |
| 245 | 1 | 3 | |a La profesora de parvulario = |b The Kindergarten Teacher / |c Realización de S. Colangelo. |
| 246 | 2 | |a Título en México: La maestra de kínder | |
| 246 | 2 | |a Título alternativo en español (España): La profesora de parvulario | |
| 264 | 2 | |a Barcelona, España : |b Cameo [distribución], |c 2019, c2019 | |
| 300 | |a 1 DVD región 2 PAL (96 min.) : |b color | ||
| 336 | |a imagen móvil bidimensional |b tdi |2 rdacontenido | ||
| 337 | |a video |b v |2 rdamedio | ||
| 338 | |a videodisco |b vd |2 rdasoporte | ||
| 500 | |a Basado en: La maestra de kínder, de Nadav Lapid | ||
| 530 | |a Existe una edición en formato audiovisual en blu-ray con el mismo título | ||
| 546 | |a En inglés, con subtítulos opcionales: español, catalán | ||
| 546 | |a Doblaje opcional: español | ||
| 649 | |a XX | ||
| 650 | |a Profesores en el Cine | ||
| 650 | |a Educadores en el Cine | ||
| 650 | |a Impostores e Impostura en el Cine | ||
| 650 | |a Niños en el Cine | ||
| 650 | |a Mujeres en el Cine | ||
| 650 | |a Dramas Cinematográficos | ||
| 650 | |a Remake (Medios Audiovisuales) | ||
| 650 | |a Cine de Mujeres - |z EUA | ||
| 650 | |a Cine Norteamericano - |y 2010-2019 | ||
| 650 | |a Cine Norteamericano - |y Siglo XXI | ||
| 650 | |a Autoría (Atribución) | ||
| 650 | |a Creatividad | ||
| 650 | |a Creación (Literaria, Artística, etc.) | ||
| 650 | |a Amistad | ||
| 650 | |a Relaciones Maestro-Alumno | ||
| 650 | |a Educación | ||
| 700 | |a Colangelo, Sara |e (guión) | ||
| 700 | |a Avila del Pino, Pepe |e (fotógrafo) | ||
| 700 | |a Porter, Vanessa |e (vestuario) | ||
| 700 | |a Percy, Lee |e (montaje) | ||
| 700 | |a Vives, Marc |e (montaje) | ||
| 700 | |a Goldschmidt, Asher |e (música) | ||
| 700 | |a Gyllenhaal, Maggie |e (actuación) | ||
| 700 | |a Sevak, Parker |e (actuación) | ||
| 700 | |a Baryshnikov, Anna |e (actuación) | ||
| 910 | |a Fondo General | ||
| 920 | |a Audiovisuales - DVDs | ||
| 940 | |a Películas | ||
| 905 | |a 308 | ||
| 901 | |a 0500371520 |b IT2 |c DVR |i C173169 |u 20250521 | ||
| 902 | |a https://opac.biblio.iteso.mx/vufind/Record/000443999 | ||